01320nam a2200253 a 450000100060000000300080000600500170001400800410003103500190007204000320009104100080012308200370013111000920016824502160026024600650047626000760054130000330061750000430065050000310069365000980072465001030082265100610092565100800098666220BD-RjUL20211209081519.0170315s1960 pk s o00| 0 eng  a(BD-RjUL)66350 aDLCcDLCdDLCdBD-RjULbeng aeng a630.9549021223bCAM 1960 (VSWP) aWest Pakistan (Pakistan). b Bureau of Statistics. Planning and Development Department.10aVillage statistics of West Pakistan : bDistrict Campbellpur: population area, cultivated area, wheat area, cotton area / cWest Pakistan (Pakistan). Bureau of Statistics. Planning and Development Department. aVillage statistics of Campbellpur District: bWest Pakistan  aLahore :b Bureau of Statistics, Planning and Development Dept., c1960 avii, 66 p. :bIll. ;c29 cm. a"Title also in Urdu" English and Urdu. a"Text : English and Urdu." aVillageszPakistan zWest Pakistan zCampbellpur District vStatistics.y1946-47 -1956-57 aAgriculture zPakistan zWest Pakistan zCampbellpur District vStatistics. y1946-47 -1956-57 aPakistan zWest Pakistan vStatistics.y1946-47 -1956-57 aPakistanzWest PakistanzCampbellpur DistrictxPopulationvStatisticsy1951